[Event "Hull district op"]
[Site "Hull"]
[Date "2003.03.25"]
[Round "5"]
[White "Asselin Missoum, Algorism"]
[Black "Thomann, Olivier"]
[Result "0-1"]
[WhiteElo "997"]
[BlackElo "1799"]
[PlyCount "44"]
[EventDate "2003.02.??"]
[EventType "swiss"]
[EventRounds "5"]
[EventCountry "CAN"]
[SourceTitle "EXT 2006"]
[Source "ChessBase"]
[SourceDate "2005.11.24"]
[SourceVersion "1"]
[SourceVersionDate "2005.11.24"]
[SourceQuality "1"]

1. d4 Nf6 2. Nc3 d5 3. Nf3 Bf5 4. Bf4 c6 5. e3 e6 6. Bd3 Bg6 7. Bxg6 hxg6 8. 0-0 Bd6 9. Re1 Qc7 10. Ne2 Nbd7 11. b3 0-0-0 12. c4 Bxf4 13. Nxf4 Kb8 14. cxd5 Nxd5 15. Nxd5 exd5 16. e4 dxe4 17. Rxe4 Nf6 18. Re5 Ng4 19. Re4 Nxh2 20. Qe1 Nxf3+ 21. gxf3 Qd7 22. Qb4 Qh3 0-1